000 00853nam a2200265Ia 4500
003 OSt
005 20220918171601.0
006 a|||||r|||| 00| 0
007 ta
008 220917b |||||||| |||| 00| 0 eng d
020 _a9783039114429 (pbk)
_c3443.96
024 _a242,454
037 _b1548, 09/06/2010, Channel Publications
_cTextual
040 _aARTS
_cARTS
_beng
041 _2eng
_aeng
082 _aS:31, P9
100 _aOakley Todd
_937462
245 0 _aFrom attention to meaning
_b Explorations in semiotics, linguistics and rhetoric
260 _aNew York
_bPeter Lang USA
_c2009
300 _a268p.
_ccm.
490 _aEuropean semoitics: Language, cognition and culture; 8
650 _aPSYCHOLOGY
942 _hS:31, P9
_cTEXL
_2CC
999 _c140270
_d140270